| 000 | 00641nam a2200229 a 4500 | ||
|---|---|---|---|
| 008 | |||
| 020 | _a0333614844 (pbk.) | ||
| 049 | _aMAIN | ||
| 090 | _aHG1707.7 | ||
| 100 | 1 | _aRichmond, David. | |
| 245 | 1 | 0 |
_aIntroduction to valuation / _cDavid Richmond. |
| 250 | _a3rd ed. | ||
| 260 |
_aHoundmills, Basingstoke: _bMacmillan, _c1994. |
||
| 300 |
_axiii, 229 p. ; _c24 cm. |
||
| 500 | _aIncludes index. | ||
| 650 | 0 |
_aReal property _xValuation _zEngland. |
|
| 907 |
_a.b10083844 _b09-07-09 _c22-07-03 |
||
| 003 | |||
| 005 | 20230123133348.0 | ||
| 040 | _cNUST | ||
| 942 |
_cBOOKS _kHG1707.7 |
||
| 999 |
_c147277 _d147277 |
||